รวมกฎหมายไทย เล่ม ร2 [ร4] (ระเบียนเลขที่ 16532)
| 000 -LEADER | |
|---|---|
| fixed length control field | 01327nam a22002777a 4500 |
| 005 - DATE AND TIME OF LATEST TRANSACTION | |
| control field | 20240814173831.0 |
| 008 - FIXED-LENGTH DATA ELEMENTS--GENERAL INFORMATION | |
| fixed length control field | m252025 th thaha d |
| 041 ## - LANGUAGE CODE | |
| Language code of text/sound track or separate title | tha |
| 090 ## - LOCALLY ASSIGNED LC-TYPE CALL NUMBER (OCLC); LOCAL CALL NUMBER (RLIN) | |
| Classification number (OCLC) (R) ; Classification number, CALL (RLIN) (NR) | KA204 ส895ร4 ล.ร2 |
| 100 0# - MAIN ENTRY--PERSONAL NAME | |
| Personal name | เสถียร วิชัยลักษณ์ |
| 245 10 - TITLE STATEMENT | |
| Title | รวมกฎหมายไทย เล่ม ร2 [ร4] |
| 260 3# - PUBLICATION, DISTRIBUTION, ETC. | |
| Place of publication, distribution, etc. | กรุงเทพฯ : |
| Name of publisher, distributor, etc. | นีติเวชช์, |
| Date of publication, distribution, etc. | 2520-2528 |
| 300 ## - PHYSICAL DESCRIPTION | |
| Extent | 1 เล่ม : |
| Other physical details | ตาราง ; |
| Dimensions | 26 ซม. |
| 650 04 - SUBJECT ADDED ENTRY--TOPICAL TERM | |
| Topical term or geographic name entry element | กฎหมาย -- ไทย |
| 650 04 - SUBJECT ADDED ENTRY--TOPICAL TERM | |
| Topical term or geographic name entry element | ประกาศคณะปฏิวัติ -- ฉบับที่ 1--60 |
| 650 04 - SUBJECT ADDED ENTRY--TOPICAL TERM | |
| Topical term or geographic name entry element | ประกาศคณะปฏิวัติ -- ฉบับที่ 61--144 |
| 650 04 - SUBJECT ADDED ENTRY--TOPICAL TERM | |
| Topical term or geographic name entry element | ประกาศคณะปฏิวัติ -- ฉบับที่ 145--213 |
| 650 04 - SUBJECT ADDED ENTRY--TOPICAL TERM | |
| Topical term or geographic name entry element | ประกาศคณะปฏิวัติ -- ฉบับที่ 214--240 |
| 650 04 - SUBJECT ADDED ENTRY--TOPICAL TERM | |
| Topical term or geographic name entry element | ประกาศคณะปฏิวัติ -- ฉบับที่ 241--299 |
| 650 04 - SUBJECT ADDED ENTRY--TOPICAL TERM | |
| Topical term or geographic name entry element | ประกาศคณะปฏิวัติ -- ฉบับที่ 300--364 |
| 700 0# - ADDED ENTRY--PERSONAL NAME | |
| Personal name | เสถียร วิชัยลักษณ์ |
| 850 ## - HOLDING INSTITUTION | |
| Holding institution | NALT |
| 942 ## - ADDED ENTRY ELEMENTS (KOHA) | |
| Koha item type | Reference Book |
| 997 ## - | |
| -- | 000000000016532 |
| 998 ## - LOCAL CONTROL INFORMATION (RLIN) | |
| -- | SANG-AROON ANU-KRAUGH |
| -- | 25 |
| -- | นีลวัสน์ อินทรักษา |
| Withdrawn status | Lost status | Damaged status | Not for loan | Collection code | Home library | Current library | Total Checkouts | Full call number | Barcode | Date last seen | Price effective from | Koha item type |
|---|---|---|---|---|---|---|---|---|---|---|---|---|
| Law Book collection | National Assembly Library of Thailand | National Assembly Library of Thailand | KA 204 ส895ร4 ล.ร2 | 3961127804 | 09/06/2017 | 09/06/2017 | Reference Book |
